[Event "Women's World Teams 2015"]
[Site "Chengdu CHN"]
[Date "2015.04.21"]
[Round "3.2"]
[Board "2"]
[White "Saduakassova, Dinara"]
[Black "Nemcova, Katerina"]
[Result "1/2-1/2"]
[WhiteTitle "WGM"]
[BlackTitle "WGM"]
[WhiteElo "2398"]
[BlackElo "2279"]
[WhiteTeam "KAZAKHSTAN"]
[BlackTeam "UNITED STATES OF AMERICA"]
[WhiteFideId "13700090"]
[BlackFideId "322750"]
[EventDate "2015.04.19"]

1. e4 c5 2. Nf3 d6 3. d4 cxd4 4. Nxd4 Nf6 5. Nc3 Nc6 6. Bg5 e6 7. Qd2 a6 8.
O-O-O Bd7 9. f4 h6 10. Bxf6 Qxf6 11. Nxc6 Bxc6 12. g3 Qd8 13. h4 Be7 14. Bg2 Qa5
15. Kb1 h5 16. Rhe1 Qc5 17. e5 O-O-O 18. Bxc6 Qxc6 19. exd6 Bxd6 20. Ne4 Bc7 21.
Qe2 Rxd1+ 22. Rxd1 Rd8 23. Rxd8+ Kxd8 24. c3 Ke7 25. c4 b6 26. Nc3 Qc5 27. Nd5+
Kf8 28. Nxc7 Qxc7 29. Qxh5 Qxc4 30. Qh8+ Ke7 31. Qxg7 Qf1+ 32. Kc2 Qg2+ 33. Kc3
Qc6+ 34. Kd2 Qd5+ 35. Ke3 Qxa2 36. Qc3 Qb1 37. Kf2 Qh1 38. Qc7+ Kf6 39. Qd8+ Kg7
40. Qd4+ Kg6 41. Qd3+ f5 42. b3 Qh2+ 43. Kf3 Qh1+ 44. Kf2 Qh2+ 45. Kf3 1/2-1/2

[Event "Women's World Teams 2015"]
[Site "Chengdu CHN"]
[Date "2015.04.21"]
[Round "3.2"]
[Board "3"]
[White "Foisor, Sabina-Francesca"]
[Black "Nakhbayeva, Guliskhan"]
[Result "0-1"]
[WhiteTitle "WGM"]
[BlackTitle "WGM"]
[WhiteElo "2276"]
[BlackElo "2329"]
[WhiteTeam "UNITED STATES OF AMERICA"]
[BlackTeam "KAZAKHSTAN"]
[WhiteFideId "1212915"]
[BlackFideId "13704788"]
[EventDate "2015.04.19"]

1. d4 Nf6 2. c4 e6 3. Nc3 Bb4 4. e3 O-O 5. Ne2 Re8 6. a3 Bf8 7. Ng3 d5 8. e4
Nxe4 9. Ncxe4 dxe4 10. Nxe4 Nc6 11. Be3 e5 12. d5 Nd4 13. Bd3 f5 14. Nc3 f4 15.
Bxd4 exd4+ 16. Ne4 Bf5 17. Qc2 c6 18. dxc6 Bxe4 19. O-O-O Bxd3 20. Qxd3 bxc6 21.
Qxd4 Qxd4 22. Rxd4 Rad8 23. Rhd1 Rxd4 24. Rxd4 Re2 25. Rd2 Rxd2 26. Kxd2 Bc5 27.
f3 Kf7 28. Kd3 Ke6 29. Ke4 g5 30. h4 Kf6 31. b4 Bd6 32. c5 Bc7 33. a4 a6 34. Kd4
gxh4 35. Ke4 Kg5 36. Kd4 h3 37. gxh3 Kh4 38. Kc4 Kg3 39. b5 axb5+ 40. axb5 cxb5+
41. Kxb5 Kxf3 42. Kc6 Be5 43. Kd5 Bb8 44. c6 Ke3 0-1

[Event "Women's World Teams 2015"]
[Site "Chengdu CHN"]
[Date "2015.04.21"]
[Round "3.2"]
[Board "4"]
[White "Dauletova, Gulmira"]
[Black "Melekhina, Alisa"]
[Result "1/2-1/2"]
[WhiteTitle "WIM"]
[BlackTitle "FM"]
[WhiteElo "2201"]
[BlackElo "2235"]
[WhiteTeam "KAZAKHSTAN"]
[BlackTeam "UNITED STATES OF AMERICA"]
[WhiteFideId "13702971"]
[BlackFideId "2022613"]
[EventDate "2015.04.19"]

1. e4 c5 2. Nf3 g6 3. d4 cxd4 4. Nxd4 Bg7 5. c4 Nc6 6. Be3 Nf6 7. Nc3 Ng4 8.
Qxg4 Nxd4 9. Qd1 e5 10. Bd3 O-O 11. O-O d6 12. Ne2 Nc6 13. Qd2 f5 14. exf5 gxf5
15. f3 Be6 16. Nc3 a6 17. Rad1 Qe8 18. b3 Rf6 19. Be2 f4 20. Bb6 Qh5 21. Bd3 Rh6
22. h3 Kh8 23. Be4 Bf6 24. Kf2 Nd4 25. Bxd4 exd4 26. Nd5 Qh4+ 27. Ke2 Be5 28.
Kd3 Rc8 29. Nb6 Rc6 30. Qb4 Rg6 31. Rd2 Qd8 32. Nd5 Rg7 33. a4 Rc5 34. Ra2 Qg8
35. Rff2 Rd7 36. Rfe2 Qf7 37. Qe1 Rd8 38. Qh4 Rdc8 39. Rec2 b5 40. axb5 axb5 41.
Qe1 Rb8 42. Ra3 Rbc8 43. Raa2 1/2-1/2

[Event "Women's World Teams 2015"]
[Site "Chengdu CHN"]
[Date "2015.04.21"]
[Round "3.3"]
[Board "1"]
[White "Khotenashvili, Bela"]
[Black "Socko, Monika"]
[Result "1/2-1/2"]
[WhiteTitle "GM"]
[BlackTitle "GM"]
[WhiteElo "2513"]
[BlackElo "2463"]
[WhiteTeam "GEORGIA"]
[BlackTeam "POLAND"]
[WhiteFideId "13602640"]
[BlackFideId "1106619"]
[EventDate "2015.04.19"]

1. d4 Nf6 2. c4 g6 3. Nc3 d5 4. Nf3 Bg7 5. Bg5 Ne4 6. Bf4 Nxc3 7. bxc3 dxc4 8.
e3 O-O 9. Bxc4 c5 10. O-O Nc6 11. h3 a6 12. Rc1 b5 13. Bb3 c4 14. Bc2 Bb7 15.
Qe2 e6 16. e4 Qa5 17. Bb1 Rfe8 18. Bg5 Rac8 19. e5 b4 20. cxb4 Nxb4 21. Rxc4 Bd5
22. Rxc8 Rxc8 23. Bd2 Bf8 24. Ng5 Qa3 25. Qg4 Qb2 26. Qf4 Rc7 27. Rc1 Nc6 28.
Kh2 Bh6 29. Be3 Bg7 30. Ne4 Qb4 31. Nf6+ Bxf6 32. exf6 Qb8 33. Bd3 Qd8 34. a3 h6
35. h4 Rb7 36. Be4 Bxe4 37. Qxe4 Na5 38. Rc5 Rd7 39. Qc2 Kh7 40. h5 Nb7 41.
hxg6+ fxg6 42. Rh5 Qxf6 43. Rxh6+ Kg7 44. Rh3 Nd6 45. Qc6 Qe7 46. Qxa6 Nf7 47.
Qe2 Rd5 48. Qg4 Qd6+ 49. Rg3 g5 50. f4 Nh6 51. Qe2 1/2-1/2

[Event "Women's World Teams 2015"]
[Site "Chengdu CHN"]
[Date "2015.04.21"]
[Round "3.3"]
[Board "2"]
[White "Zawadzka, Jolanta"]
[Black "Javakhishvili, Lela"]
[Result "1/2-1/2"]
[WhiteTitle "WGM"]
[BlackTitle "IM"]
[WhiteElo "2422"]
[BlackElo "2481"]
[WhiteTeam "POLAND"]
[BlackTeam "GEORGIA"]
[WhiteFideId "1122320"]
[BlackFideId "13601458"]
[EventDate "2015.04.19"]

1. e4 c5 2. Nf3 Nc6 3. d4 cxd4 4. Nxd4 Qc7 5. Nc3 e6 6. f4 a6 7. Nxc6 Qxc6 8.
Bd3 b5 9. Qe2 Bb7 10. Bd2 Bc5 11. O-O-O Ne7 12. a3 O-O-O 13. Rhe1 h5 14. g3 d5
15. exd5 exd5 16. Be3 Bd6 17. Bd4 f6 18. Bxb5 axb5 19. Nxb5 Bc5 20. b4 Bb6 21.
Qxe7 Qxb5 22. Qxg7 Bxd4 23. Rxd4 Qb6 24. Rd3 d4 25. Re7 Rhe8 26. Rxe8 Rxe8 27.
Qf7 Rd8 28. Qxh5 Be4 29. Rd2 f5 30. Qf7 Kb8 31. Qe7 Rc8 32. Qe5+ Kb7 33. g4 Qa6
34. Qxd4 Qxa3+ 35. Kd1 Qf3+ 36. Kc1 Qa3+ 37. Kd1 Qf3+ 38. Kc1 1/2-1/2

[Event "Women's World Teams 2015"]
[Site "Chengdu CHN"]
[Date "2015.04.21"]
[Round "3.3"]
[Board "3"]
[White "Batsiashvili, Nino"]
[Black "Szczepkowska-Horowska, Karina"]
[Result "1-0"]
[WhiteTitle "IM"]
[BlackTitle "WGM"]
[WhiteElo "2475"]
[BlackElo "2414"]
[WhiteTeam "GEORGIA"]
[BlackTeam "POLAND"]
[WhiteFideId "13602993"]
[BlackFideId "1122681"]
[EventDate "2015.04.19"]

1. d4 d6 2. Nf3 Bg4 3. c4 Nd7 4. Nc3 e5 5. g3 Bxf3 6. exf3 exd4 7. Qxd4 Ne7 8.
Be3 Ne5 9. Be2 Qd7 10. Qe4 N5c6 11. f4 O-O-O 12. Bf3 Qf5 13. Qxf5+ Nxf5 14. Bg4
Ne7 15. Nb5 a6 16. Nd4 g6 17. Nxf5 Nxf5 18. O-O-O c6 19. Bd4 Rg8 20. Rhe1 Kc7
21. Bf6 Ra8 22. Rd3 b5 23. b3 bxc4 24. bxc4 Rb8 25. Rb3 Rxb3 26. axb3 d5 27.
Bxf5 gxf5 28. Re5 Bc5 29. cxd5 cxd5 30. Rxd5 Bxf2 31. Rxf5 Bg1 32. Rh5 Kd7 33.
Rxh7 Ke6 34. Bc3 f5 35. Kd2 Rd8+ 36. Ke2 Rc8 37. Rh6+ Kd5 38. Kd3 Re8 39. Be5
Kc5 40. Kc3 Kb5 41. Rh5 Rc8+ 42. Kb2 Rg8 43. Rxf5 Bxh2 44. Rg5 Rc8 45. Bd4+ 1-0

[Event "Women's World Teams 2015"]
[Site "Chengdu CHN"]
[Date "2015.04.21"]
[Round "3.3"]
[Board "4"]
[White "Bartel, Marta"]
[Black "Melia, Salome"]
[Result "1/2-1/2"]
[WhiteTitle "WGM"]
[BlackTitle "IM"]
[WhiteElo "2350"]
[BlackElo "2459"]
[WhiteTeam "POLAND"]
[BlackTeam "GEORGIA"]
[WhiteFideId "1123009"]
[BlackFideId "13602446"]
[EventDate "2015.04.19"]

1. d4 d5 2. Nf3 Nf6 3. c4 e6 4. Nc3 Be7 5. Bf4 O-O 6. e3 Nbd7 7. c5 Ne4 8. Qc2
f5 9. Ne5 Bf6 10. Nxd7 Bxd7 11. f3 Nxc3 12. Qxc3 Bc6 13. Be2 Qd7 14. O-O Rf7 15.
Rfd1 Bb5 16. Bxb5 Qxb5 17. a4 Qe8 18. b4 c6 19. Rab1 a6 20. Rb2 Re7 21. Bd6 Rd7
22. Bf4 Re7 23. Bd6 Rd7 24. Bg3 Re7 25. Bd6 1/2-1/2

[Event "Women's World Teams 2015"]
[Site "Chengdu CHN"]
[Date "2015.04.21"]
[Round "3.4"]
[Board "1"]
[White "Danielian, Elina"]
[Black "Moaataz, Ayah"]
[Result "1-0"]
[WhiteTitle "GM"]
[BlackTitle "WIM"]
[WhiteElo "2488"]
[BlackElo "2022"]
[WhiteTeam "ARMENIA"]
[BlackTeam "EGYPT"]
[WhiteFideId "13300210"]
[BlackFideId "10615873"]
[EventDate "2015.04.19"]

1. d4 d5 2. Nf3 Nf6 3. c4 e6 4. e3 b6 5. Nc3 Bb7 6. Bd3 dxc4 7. Bxc4 Be7 8. O-O
O-O 9. Qe2 c5 10. Rd1 Qc8 11. dxc5 Bxc5 12. a3 a5 13. Bd2 Ne4 14. Nxe4 Bxe4 15.
Ng5 Bg6 16. Rac1 Qb7 17. Bc3 Na6 18. h4 Be7 19. Nxe6 Ra7 20. Nxf8 Bxf8 21. h5
Bf5 22. h6 Nc5 23. hxg7 Bxg7 24. Rd8+ Bf8 25. Qh5 Bg6 26. Qe5 1-0

[Event "Women's World Teams 2015"]
[Site "Chengdu CHN"]
[Date "2015.04.21"]
[Round "3.4"]
[Board "2"]
[White "Wafa, Shahenda"]
[Black "Mkrtchian, Lilit"]
[Result "0-1"]
[WhiteTitle "WIM"]
[BlackTitle "IM"]
[WhiteElo "2123"]
[BlackElo "2443"]
[WhiteTeam "EGYPT"]
[BlackTeam "ARMENIA"]
[WhiteFideId "10609962"]
[BlackFideId "13300601"]
[EventDate "2015.04.19"]

1. e4 e6 2. d4 d5 3. Nc3 Bb4 4. Bd3 Bf8 5. Bf1 Bb4 6. Bd3 dxe4 7. Bxe4 Nf6 8.
Bg5 h6 9. Bxf6 Qxf6 10. Ne2 Nd7 11. O-O O-O 12. Bf3 c6 13. Ne4 Qe7 14. Nf4 e5
15. dxe5 Nxe5 16. c3 Ba5 17. Re1 Rd8 18. Qe2 Bc7 19. Ng3 Qg5 20. Nfh5 Rd2 21. h4
Rxe2 22. hxg5 Rxe1+ 23. Rxe1 hxg5 24. Be4 Be6 25. Bc2 Rd8 26. Ne4 f6 27. Nhg3
Bb6 28. b3 g4 29. Ng5 Rd2 30. Bh7+ Kh8 31. N3e4 Rxa2 32. Nxe6 Kxh7 33. c4 Nd3
34. Rf1 Re2 35. c5 Rxe4 36. cxb6 Rxe6 37. bxa7 Re8 38. Rd1 Ne5 0-1

[Event "Women's World Teams 2015"]
[Site "Chengdu CHN"]
[Date "2015.04.21"]
[Round "3.4"]
[Board "3"]
[White "Kursova, Maria"]
[Black "Sherif, Amina"]
[Result "1-0"]
[WhiteTitle "WGM"]
[BlackTitle "WIM"]
[WhiteElo "2290"]
[BlackElo "1961"]
[WhiteTeam "ARMENIA"]
[BlackTeam "EGYPT"]
[WhiteFideId "4129709"]
[BlackFideId "12911690"]
[EventDate "2015.04.19"]

1. d4 Nf6 2. Nf3 d6 3. c4 c6 4. Nc3 Bf5 5. Nh4 Bd7 6. g3 g6 7. Bg2 Bg7 8. O-O
O-O 9. Nf3 Qc7 10. h3 e5 11. e4 Na6 12. Be3 Rfe8 13. c5 exd4 14. cxd6 Qb6 15.
Bxd4 c5 16. Bxf6 Bxf6 17. Nd5 Qd8 18. Nxf6+ Qxf6 19. e5 Qd8 20. Re1 Be6 21. Qd2
f6 22. exf6 Qxf6 23. Ng5 Kh8 24. Nxe6 Rxe6 25. Rxe6 Qxe6 26. Bxb7 Rd8 27. Qc3+
Kg8 28. Bxa6 Qxd6 29. Bc4+ Kf8 30. Qh8+ 1-0

[Event "Women's World Teams 2015"]
[Site "Chengdu CHN"]
[Date "2015.04.21"]
[Round "3.4"]
[Board "4"]
[White "Wafa, Shrook"]
[Black "Gaboyan, Susanna"]
[Result "1-0"]
[WhiteTitle "WGM"]
[WhiteElo "2058"]
[BlackElo "2175"]
[WhiteTeam "EGYPT"]
[BlackTeam "ARMENIA"]
[WhiteFideId "10609970"]
[BlackFideId "13303627"]
[EventDate "2015.04.19"]

1. e4 c5 2. Nf3 Nc6 3. Nc3 e5 4. Bc4 Be7 5. O-O Nf6 6. Re1 O-O 7. Nd5 d6 8. c3
Bg4 9. d3 Kh8 10. Ne3 Be6 11. Bd5 Bxd5 12. exd5 Nb8 13. c4 g6 14. Nc2 Ng8 15. b4
b6 16. Bb2 f5 17. a4 a5 18. bxc5 bxc5 19. Nd2 g5 20. Qh5 Nf6 21. Qe2 Ra7 22. Nf3
Ne8 23. d4 Rb7 24. Rab1 cxd4 25. Ncxd4 Ng7 26. Nb5 Nd7 27. Ba3 Nb6 28. Nxd6 Bxd6
29. c5 e4 30. Nd2 Nxa4 31. Rxb7 Bxc5 32. Bxc5 Nxc5 33. Rb5 Nd3 34. Reb1 Qc7 35.
Qe3 a4 36. Rb7 Qe5 37. Qa7 h6 38. Rb8 Rxb8 39. Qxb8+ Qxb8 40. Rxb8+ Kh7 41. Ra8
Kg6 42. Rxa4 Nf4 43. Ra6+ Kf7 44. Ra7+ Kf6 45. d6 Nfe6 46. Nc4 f4 47. Ra8 Nc5
48. Nb6 Nb7 49. d7 Ne6 50. Re8 Kf7 51. Nc4 Nbd8 52. Nd6+ Kf6 53. Nxe4+ Kf7 54.
Nc5 Nxc5 55. Rxd8 Ke7 56. Rh8 Nxd7 57. Rxh6 Kf7 58. Rh7+ Ke6 59. Rg7 1-0

[Event "Women's World Teams 2015"]
[Site "Chengdu CHN"]
[Date "2015.04.21"]
[Round "3.5"]
[Board "2"]
[White "Pogonina, Natalija"]
[Black "Tan, Zhongyi"]
[Result "1/2-1/2"]
[WhiteTitle "WGM"]
[BlackTitle "WGM"]
[WhiteElo "2456"]
[BlackElo "2487"]
[WhiteTeam "RUSSIA"]
[BlackTeam "CHINA"]
[WhiteFideId "4147855"]
[BlackFideId "8603642"]
[EventDate "2015.04.19"]

1. e4 c5 2. Nf3 Nc6 3. d4 cxd4 4. Nxd4 g6 5. c4 Nf6 6. Nc3 Nxd4 7. Qxd4 d6 8.
Bg5 Bg7 9. Qd2 O-O 10. Bd3 a5 11. b3 a4 12. b4 Be6 13. Rc1 Rc8 14. Nxa4 b5 15.
cxb5 Rxc1+ 16. Qxc1 Qa8 17. Nb6 Qxa2 18. O-O Ng4 19. Bc4 Qa7 20. Nd5 Bxd5 21.
Bxd5 e6 22. Bc6 Bd4 23. Bh4 f5 24. Qc4 Kh8 25. h3 g5 26. hxg4 gxh4 27. gxf5 exf5
28. exf5 Rxf5 29. Bf3 Rf8 30. Qd5 h3 31. gxh3 Be5 32. Bg2 Rf4 33. Qd2 Qd4 34.
Qxd4 Bxd4 35. Bc6 Bb6 36. Kg2 Rxb4 37. f4 Kg7 38. Kf3 Kf6 39. Rd1 Bd4 40. Rd3
Bc5 41. Rd5 Rb1 42. Rh5 Rf1+ 43. Ke4 Re1+ 44. Kd3 Kg6 45. Rg5+ Kf6 46. h4 Rf1
47. Rh5 Kg6 48. Be8+ Kg7 49. Rf5 Re1 50. Bd7 Rd1+ 51. Kc4 Rd4+ 52. Kc3 Re4 53.
Bc6 Re1 54. h5 Rf1 55. Kd3 Rb1 56. Ke4 Rb4+ 57. Kf3 Rb1 58. Rg5+ Kf6 59. Rg8
Rf1+ 60. Ke4 Re1+ 61. Kd3 Rf1 62. Rf8+ Ke7 63. Rb8 Rxf4 64. b6 Rf8 65. Rxf8 Kxf8
66. b7 Ba7 67. h6 Kf7 68. Be4 Kf6 69. Bxh7 1/2-1/2

[Event "Women's World Teams 2015"]
[Site "Chengdu CHN"]
[Date "2015.04.21"]
[Round "3.5"]
[Board "3"]
[White "Shen, Yang"]
[Black "Goryachkina, Aleksandra"]
[Result "1/2-1/2"]
[WhiteTitle "IM"]
[BlackTitle "WGM"]
[WhiteElo "2459"]
[BlackElo "2456"]
[WhiteTeam "CHINA"]
[BlackTeam "RUSSIA"]
[WhiteFideId "8603162"]
[BlackFideId "4147103"]
[EventDate "2015.04.19"]

1. d4 d5 2. Nf3 c6 3. c4 Nf6 4. e3 Bf5 5. Nc3 e6 6. Nh4 Be4 7. f3 Bg6 8. Qb3 Qc7
9. Bd2 Be7 10. Rc1 dxc4 11. Bxc4 Bh5 12. Be2 g5 13. g4 gxh4 14. gxh5 Nbd7 15. f4
Rg8 16. Bf3 Qb6 17. Ne4 Nxe4 18. Bxe4 Qxb3 19. axb3 f5 20. Bf3 Nf6 21. Ke2 Ne4
22. Ba5 h3 23. Rcg1 Kf7 24. Be1 Rad8 25. Kd3 Nc5+ 26. Kc2 Ne4 27. Kd3 Nc5+ 28.
Kc2 Ne4 29. b4 a6 30. Kd3 Nf6 31. Rg3 Nd5 32. Rxh3 Nxb4+ 33. Ke2 h6 34. Rg3 Nd5
35. Rhg1 Bf6 36. Bd2 Ne7 37. Ba5 Rc8 38. b3 Rg7 39. Rc1 Bh4 40. Rxg7+ Kxg7 41.
Bb4 Rd8 42. Kd3 Bf6 43. Bd2 Kf7 44. Kc4 Nd5 45. Kd3 Rd7 46. Ke2 Rd8 47. Ba5 Rd7
48. Bd2 Rd8 49. Ba5 Rd7 50. Bd2 1/2-1/2

[Event "Women's World Teams 2015"]
[Site "Chengdu CHN"]
[Date "2015.04.21"]
[Round "3.5"]
[Board "4"]
[White "Girya, Olga"]
[Black "Lei, Tingjie"]
[Result "1-0"]
[WhiteTitle "WGM"]
[BlackTitle "WGM"]
[WhiteElo "2459"]
[BlackElo "2444"]
[WhiteTeam "RUSSIA"]
[BlackTeam "CHINA"]
[WhiteFideId "4195752"]
[BlackFideId "8605114"]
[EventDate "2015.04.19"]

1. d4 Nf6 2. c4 g6 3. Nc3 d5 4. Qb3 dxc4 5. Qxc4 Bg7 6. e4 O-O 7. Be2 a6 8. Bf4
c6 9. Nf3 b5 10. Qb3 Qa5 11. Nd2 c5 12. d5 e6 13. O-O exd5 14. e5 c4 15. Qd1
Nfd7 16. Nf3 Bb7 17. Nxd5 Nc6 18. e6 Nde5 19. Nxe5 Nxe5 20. e7 Rfe8 21. b4 Qa3
22. Nc7 Qxb4 23. Nxa8 Bxa8 24. Qd8 Qxe7 25. Qxe7 Rxe7 26. Rad1 Nd7 27. Rd6 Bb7
28. Rfd1 Nf8 29. Be3 f5 30. Bf3 Bxf3 31. gxf3 a5 32. R1d5 b4 33. Rxa5 Ne6 34. f4
Bh6 35. Re5 Kf7 36. Rb6 Bg7 37. Reb5 Nd4 38. Rxb4 c3 39. Bxd4 Bxd4 40. Rb7 Rxb7
41. Rxb7+ Ke6 42. Kf1 Kd6 43. Ke2 Bxf2 44. Kd3 h5 45. a4 c2 46. Kxc2 Be3 47. a5 1-0

[Event "Women's World Teams 2015"]
[Site "Chengdu CHN"]
[Date "2015.04.22"]
[Round "4.1"]
[Board "3"]
[White "Padmini, Rout"]
[Black "Goryachkina, Aleksandra"]
[Result "1/2-1/2"]
[WhiteTitle "WGM"]
[BlackTitle "WGM"]
[WhiteElo "2454"]
[BlackElo "2456"]
[WhiteTeam "INDIA"]
[BlackTeam "RUSSIA"]
[WhiteFideId "5029295"]
[BlackFideId "4147103"]
[EventDate "2015.04.19"]

1. e4 c6 2. d4 d5 3. e5 Bf5 4. h4 a6 5. c4 e6 6. Nc3 h6 7. Qb3 Qc7 8. c5 Nd7 9.
Na4 Ne7 10. f4 f6 11. Bd2 Bg4 12. Be2 h5 13. Bf3 Nf5 14. Ne2 Be7 15. O-O-O O-O
16. Qd3 a5 17. Ng3 Nxg3 18. Bxg4 hxg4 19. Qxg3 f5 20. h5 Kh7 21. Qh2 Rfb8 22.
Bc3 b6 23. cxb6 Qb7 24. g3 Nxb6 25. Nxb6 Qxb6 26. Rd2 a4 27. Rc2 Rh8 28. Kb1 Kg8
29. Qg1 Rh6 30. Bd2 Kf7 31. Qc1 Ra6 32. Be3 Ke8 33. Rch2 Kd7 34. Qc2 Qb5 35. Qe2
Qb7 36. Qc2 Ra8 37. Qc3 Rah8 38. Qa5 a3 39. Qd2 Qb5 40. Ka1 Bb4 41. Qc2 axb2+
42. Qxb2 Rb8 43. Bd2 Qa5 44. Rb1 Bxd2 45. Qxb8 Bc3+ 46. Rbb2 Bxd4 47. Qd6+ Ke8
48. Qxc6+ Kf7 49. a4 Kg8 50. Ka2 Bxb2 51. Rxb2 Kh7 52. Qe8 Qc3 53. Rb8 Qc2+ 54.
Ka3 Qc3+ 55. Ka2 1/2-1/2

[Event "Women's World Teams 2015"]
[Site "Chengdu CHN"]
[Date "2015.04.22"]
[Round "4.1"]
[Board "4"]
[White "Girya, Olga"]
[Black "Soumya, Swaminathan"]
[Result "1-0"]
[WhiteTitle "WGM"]
[BlackTitle "WGM"]
[WhiteElo "2459"]
[BlackElo "2366"]
[WhiteTeam "RUSSIA"]
[BlackTeam "INDIA"]
[WhiteFideId "4195752"]
[BlackFideId "5016193"]
[EventDate "2015.04.19"]

1. d4 Nf6 2. c4 g6 3. Nc3 d5 4. Qb3 dxc4 5. Qxc4 Bg7 6. e4 O-O 7. Be2 a6 8. Bf4
b5 9. Qxc7 Qxc7 10. Bxc7 b4 11. Na4 Nc6 12. e5 Nd5 13. Bf3 Be6 14. Ne2 Nxc7 15.
Bxc6 Rad8 16. Nc5 Bd5 17. Bxd5 Rxd5 18. f4 a5 19. Rd1 Nb5 20. Na4 e6 21. Nb6
Rdd8 22. Kf2 f6 23. Ke3 Rf7 24. Rc1 g5 25. g3 Rb7 26. Rc6 fxe5 27. dxe5 gxf4+
28. gxf4 Na7 29. Rxe6 Kf7 30. Na4 Rb5 31. Ra6 Nc8 32. Rc1 Ne7 33. Rc7 Bxe5 34.
Rc4 Bf6 35. Ng3 Rbd5 36. Ne4 Nf5+ 37. Ke2 Nd4+ 38. Ke3 Nf5+ 39. Ke2 Nd4+ 40. Kf1
Bg7 41. Rc7+ Kg8 42. Raa7 Bh8 43. Rc5 Ne6 44. Rxd5 Rxd5 45. Ra8+ Kg7 46. Nb6 Rd4
47. Ng3 Rxf4+ 48. Ke2 Rf8 49. Rxa5 Kg6 50. Nc4 Bd4 51. Ne5+ Kg7 52. Nd3 Kg8 53.
Ra4 Rb8 54. Nf5 Bf6 55. b3 Bc3 56. Ne7+ Kh8 57. Nd5 Re8 58. Kf3 Nd4+ 59. Kg3
Rg8+ 60. Kf4 Ne2+ 61. Kf3 Nd4+ 62. Kf4 Bd2+ 63. Ke4 Rg4+ 64. Ke5 Nf3+ 65. Ke6
Rg6+ 66. Ke7 Nxh2 67. Ne5 Rg1 68. Nf6 Kg7 69. Ke6 Be3 70. Rxb4 h5 71. Rb7+ Kh6
72. Rh7+ Kg5 73. Rxh5+ Kf4 74. Rxh2 Ba7 75. Nd5+ Kg3 76. Rh7 1-0

[Event "Women's World Teams 2015"]
[Site "Chengdu CHN"]
[Date "2015.04.22"]
[Round "4.2"]
[Board "1"]
[White "Moaataz, Ayah"]
[Black "Tan, Zhongyi"]
[Result "0-1"]
[WhiteTitle "WIM"]
[BlackTitle "WGM"]
[WhiteElo "2022"]
[BlackElo "2487"]
[WhiteTeam "EGYPT"]
[BlackTeam "CHINA"]
[WhiteFideId "10615873"]
[BlackFideId "8603642"]
[EventDate "2015.04.19"]

1. c4 e6 2. g3 d5 3. Bg2 Nf6 4. Nf3 dxc4 5. Qa4+ c6 6. Qxc4 b5 7. Qc2 Bb7 8. d4
Nbd7 9. O-O c5 10. Nc3 Qb6 11. Rd1 Rc8 12. Be3 Ng4 13. Qd2 Nxe3 14. Qxe3 b4 15.
Na4 Qb5 16. b3 Be7 17. dxc5 Nxc5 18. Nd4 Qa6 19. Nxc5 Bxc5 20. Bxb7 Qxb7 21. Qe5
O-O 22. Rac1 Bb6 23. Nc2 Rc5 24. Qb2 Qe4 25. Ne1 Rc3 26. Nd3 Rfc8 27. Qd2 h5 28.
Rxc3 bxc3 29. Qc2 Qf5 30. e3 h4 31. Ne1 Qg4 32. Rd3 Qb4 33. a3 Qc5 34. gxh4 Bd8
35. b4 Qc6 36. Kf1 Qc4 37. Ke2 Bf6 38. f4 e5 39. fxe5 Qg4+ 40. Kf1 Bxe5 41. Ng2
Qf5+ 42. Kg1 Qxd3 0-1

[Event "Women's World Teams 2015"]
[Site "Chengdu CHN"]
[Date "2015.04.22"]
[Round "4.2"]
[Board "2"]
[White "Shen, Yang"]
[Black "Wafa, Shahenda"]
[Result "1-0"]
[WhiteTitle "IM"]
[BlackTitle "WIM"]
[WhiteElo "2459"]
[BlackElo "2123"]
[WhiteTeam "CHINA"]
[BlackTeam "EGYPT"]
[WhiteFideId "8603162"]
[BlackFideId "10609962"]
[EventDate "2015.04.19"]

1. d4 d5 2. Nf3 Nf6 3. c4 e6 4. Bg5 Be7 5. Nc3 O-O 6. e3 h6 7. Bh4 b6 8. Bxf6
Bxf6 9. cxd5 exd5 10. b4 c5 11. bxc5 bxc5 12. Rc1 c4 13. Be2 Nc6 14. O-O Bf5 15.
Qa4 Qd6 16. Nd2 Bg5 17. Rfd1 Rab8 18. Nxd5 Qxd5 19. Bf3 Rb4 20. Bxd5 Rxa4 21.
Bxc6 Rxa2 22. Nxc4 Rb8 23. Bd5 Bg6 24. Ne5 Ra6 25. f4 Be7 26. g4 Ba3 27. Ra1 Bc2
28. Rf1 Kh7 29. Bxf7 Rc8 30. Ra2 Rc3 31. Bc4 Bb3 32. Bxb3 Rxb3 33. Nc4 Rc3 34.
Rxa3 Raxa3 35. Nxa3 Rxa3 36. Kf2 Ra2+ 37. Kf3 Kg6 38. Rc1 Ra6 39. Rc7 Kf6 40. h4
Ra5 41. Ke4 g6 42. g5+ hxg5 43. hxg5+ 1-0

[Event "Women's World Teams 2015"]
[Site "Chengdu CHN"]
[Date "2015.04.22"]
[Round "4.2"]
[Board "3"]
[White "Sherif, Amina"]
[Black "Lei, Tingjie"]
[Result "0-1"]
[WhiteTitle "WIM"]
[BlackTitle "WGM"]
[WhiteElo "1961"]
[BlackElo "2444"]
[WhiteTeam "EGYPT"]
[BlackTeam "CHINA"]
[WhiteFideId "12911690"]
[BlackFideId "8605114"]
[EventDate "2015.04.19"]

1. e4 c5 2. Nf3 e6 3. d4 cxd4 4. Nxd4 Nc6 5. Nc3 Qc7 6. Be3 a6 7. Qd2 Nf6 8.
O-O-O Bb4 9. f3 Ne7 10. Nde2 b5 11. Kb1 Ba5 12. Bf4 e5 13. Bg5 h5 14. Qd6 Qxd6
15. Rxd6 Bc7 16. Rd2 Bb7 17. Nc1 O-O-O 18. Be2 d5 19. exd5 Nfxd5 20. Nxd5 Rxd5
21. Rhd1 f6 22. Be3 Rxd2 23. Rxd2 Nd5 24. Bg1 f5 25. Bd3 g6 26. Nb3 Rd8 27. Bf2
Bc6 28. Bh4 Re8 29. Nc5 Nf4 30. Nxa6 Ba5 31. b4 Bb6 32. Bf2 Kb7 33. Nc5+ Bxc5
34. Bxc5 e4 35. fxe4 fxe4 36. g3 Nxd3 37. cxd3 exd3 38. Kb2 Be4 39. Rf2 Bf5 40.
Kc3 Kc6 41. Rd2 Re4 42. Bd4 Re1 43. Rf2 Rc1+ 44. Kb2 Rc4 45. Bc5 Kd5 46. a3 Bg4
47. Rd2 Be2 48. Kb3 Rc1 49. a4 bxa4+ 50. Kxa4 Kc4 51. Ka5 Ra1+ 52. Kb6 Kc3 53.
Be3 Kxb4 54. Kc6 Kc3 55. Kd5 Bf3+ 56. Ke5 Re1 57. Kf4 Bb7 58. h4 Rf1+ 59. Ke5
Rf3 60. Bh6 Rxg3 61. Ra2 Rg2 62. Ra3+ Kc4 63. Ra4+ Kb3 64. Rd4 Kc3 65. Rd7 Ba6
66. Rc7+ Bc4 67. Kf6 d2 68. Bxd2+ Rxd2 69. Kxg6 Rd5 70. Re7 Kd2 71. Ra7 Be2 72.
Ra4 Ke3 73. Kh6 Bf3 74. Ra7 Kf4 75. Rf7+ Kg3 76. Rf8 Bg4 77. Rb8 Kxh4 78. Rb4
Rd6+ 79. Kg7 Kg3 80. Rb3+ Bf3 81. Rb1 h4 82. Rg1+ Bg2 83. Ra1 h3 84. Ra3+ Bf3 0-1